000 01347nam a2200397 c 4500
001 2409
003 ES-MaCES
005 20150929135347.0
008 941214s1990 sp l o00| | spa d
017 _aAV 17-1991
_bDL
020 _a8476702574
024 7 _a351-90-038-3
_2nipo
035 _aCES19980024286m
040 _aES-MaCES
_bspa
_cES-MaCES
110 2 _aUnión Europea
_tDirectivas, etc., de sanidad
_95122
245 1 0 _aLegislación comunitaria sobre sanidad y consumo
_c[recopilación elaborada por Carlos Moradillo Larios]
260 _aMadrid
_bMinisterio de Sanidad y Consumo, Secretaría General Técnica
_c1990
300 _a7 v.
_c24 cm
490 1 _aNormas, disposiciones y jurisprudencia
500 _aÍndices
505 1 _aContiene: I. Acciones sanitarias
541 _cGratuito
650 4 _alucha contra las enfermedades
_928690
650 4 _aplan de acción
_930406
650 4 _aDirectiva de la CE
_929873
650 4 _alegislación
_927153
650 4 _atexto
_929624
653 1 0 _aLegislación
650 4 _926752
_aUE
700 1 _aMoradillo Larios, Carlos
_erec.
_918979
710 1 _aEspaña
_bMinisterio de Sanidad y Consumo
_eed.
_93269
830 0 _aNormas, disposiciones y jurisprudencia
_932468
902 _aLIB Libro
942 _2CES
_cBK
_h6.1.
999 _c2409
_d2409